00323pab a2200121 454500008004000000100002400040245005400064260000900118300001300127362001200140650001600152773003300168180718b2001 xxu||||| |||| 00| 0 eng d aWariavwalla, Bharat aNationalism in search of a navel (review article) c2001 ap.187-95 aJan-Jun aNationalism aIndian Social Science Review